000 00646nam a22001697a 4500
003 OSt
005 20220107122757.0
008 150330b xxu||||| |||| 00| 0 eng d
040 _c
100 _aKavya Nath(92312006)
_96328
245 _aIntegration of multispectral satellite and hyperspectral field data for aquatic macrophyte studies
502 _bMSc. Geoinformatics
_c2012 - 2014
_dINT
_eRadhakrishnan T
_fJohn C Mathew (School of Environmental Sciences)
_g"School of Environmental Sciences, Kottayam"
650 _aIMAGING SPECTROSCOPY
_96329
650 _aREMOTE SENSING
_96330
650 _aSPECTRAL CHARACTERIZATION
_96331
942 _2ddc
_cPR
999 _c4571
_d4571